Statistiques concernant Mot mystèrieux - Série 59

Cliquez ici pour prendre le quiz!

Statistiques générales

  • Ce quiz a été pris 56 fois
  • Le résultat moyen est 6 sur 10

Statistiques - réponses

Indices Mot % Correct
sucre - pâte- bretonne - suzettecrêpe
98%
coudre - jouer - face - jambon
91%
Noël - lèche - magique - magasinvitrine
81%
crocodile - monseigneur - oreille- lingepince
68%
bois - pain - moulin - pizzafour
68%
intellectuel - familial - division - fractionquotient
66%
alarme - serpent - fil - boutonsonnette
62%
latin - lune - hiver - orangequartier
38%
foin - eau - grain - fromagemeule
13%
plate - rive - romane- argiletuile
11%

Distribution des résultats

Percentile by Number Answered

% des personnes avec chaque résultat

Votre développement - résultats

Vous n’avez pas pris ce quiz